| 000 | 00544nam a2200205 4500 | ||
|---|---|---|---|
| 001 | 01456 | ||
| 003 | DO-SdBNP | ||
| 005 | 20180213103446.0 | ||
| 007 | 01456 | ||
| 008 | 160919b 2008 xxu 0 spa d | ||
| 020 | _a9780982143803 | ||
| 040 |
_aBPMSU _bspa _cBPMSU |
||
| 100 | _aCastro, Juan | ||
| 245 |
_aUna cruzada por la humanidad / _cJuan Castro |
||
| 260 |
_aEstados Unidos : _bCharleston, _c2010 |
||
| 300 |
_a216 p. ; _b23 cm. |
||
| 942 |
_2ddc _cBK |
||
| 945 | _aInventariado, 2018/ YL | ||
| 956 |
_aVMATEO _b10 _c20160919 _dBPMSU _f0069 |
||
| 999 |
_c11454 _d11454 |
||